[Event "Mechanics' Winter TNM; G/2"]
[Site "San Francisco"]
[Date "2016.01.26"]
[Round "4.20"]
[White "Fuentes, Romulo C"]
[Black "Eastham, Asher"]
[Result "1-0"]
[WhiteElo "2208"]
[BlackElo "1499"]
[PlyCount "47"]
[EventDate "2016.??.??"]

1. e4 e5 2. Nf3 Nc6 3. d4 exd4 4. Bc4 Bc5 5. Ng5 Nh6 6. Nxf7 Nxf7 7. Bxf7+ Kxf7
8. Qh5+ Kg8 9. Qxc5 d6 10. Qc4+ Kf8 11. O-O Qe7 12. Nd2 Ne5 13. Qxd4 Bd7 14. f4
Ng6 15. b3 Ke8 16. Bb2 Rg8 17. Rae1 Bc6 18. Nc4 Kd7 19. e5 Rge8 20. Bc3 Rad8
21. exd6 Qf6 22. dxc7+ Kxc7 23. Qxf6 gxf6 24. Bxf6 1-0

[Event "Mechanics' Winter TNM; G/2"]
[Site "San Francisco"]
[Date "2016.02.09"]
[Round "6.6"]
[White "Fuentes, Romulo C"]
[Black "Hakobyan, Sos"]
[Result "1-0"]
[WhiteElo "2208"]
[BlackElo "1886"]
[PlyCount "74"]
[EventDate "2016.??.??"]

1. e4 e5 2. Nf3 Nc6 3. d4 exd4 4. Bc4 Bc5 5. Ng5 Nh6 6. Nxf7 Nxf7 7. Bxf7+ Kxf7
8. Qh5+ g6 9. Qxc5 d6 10. Qd5+ Be6 11. Qb5 Qd7 12. Nd2 b6 13. O-O Ne5 14. Qe2
Qc6 15. f4 Ng4 16. f5 gxf5 17. Qxg4 Rag8 18. Rxf5+ Bxf5 19. Qxf5+ Ke8 20. Qe6+
Kd8 21. Nf3 h6 22. Bxh6 Qc5 23. Bg5+ Rxg5 24. Qf6+ Kd7 25. Qxg5 Re8 26. Qg7+
Re7 27. Qxd4 Qxc2 28. e5 Qc5 29. exd6 cxd6 30. Rd1 Re4 31. Qxc5 bxc5 32. Kf2 a5
33. h4 a4 34. a3 Ke7 35. Re1 Re6 36. g4 d5 37. g5 d4 1-0

[Event "Mechanics' Spring TNM; G/2"]
[Site "San Francisco"]
[Date "2016.03.29"]
[Round "3.10"]
[White "Fuentes, Romulo C"]
[Black "Handler, Andrew To"]
[Result "1-0"]
[WhiteElo "2208"]
[BlackElo "1759"]
[PlyCount "135"]
[EventDate "2016.??.??"]

1. e4 c5 2. Nf3 Nc6 3. d4 cxd4 4. Nxd4 g6 5. Nc3 Bg7 6. Be3 Nf6 7. Bc4 O-O 8.
Bb3 a5 9. a4 Ng4 10. Qxg4 Nxd4 11. Bxd4 Bxd4 12. Qg3 d6 13. h4 Be6 14. Bxe6
fxe6 15. O-O-O Bxc3 16. Qxc3 Qb6 17. f3 Rac8 18. Qd3 Qb4 19. h5 Qc4 20. b3 Qxd3
21. Rxd3 Kg7 22. Kd2 Rc5 23. hxg6 hxg6 24. c4 Rd8 25. Ke3 Kf6 26. g4 Rcc8 27.
Kd4 Rh8 28. Rdd1 Kg5 29. Ke3 Kf6 30. Kf4 g5+ 31. Ke3 Rxh1 32. Rxh1 Kg6 33. Kd4
Rf8 34. Rh3 Rc8 35. Rh5 Rf8 36. Ke3 b6 37. Rh1 Rc8 38. Rb1 Rc5 39. Kd4 Kf6 40.
Rh1 Kg6 41. Rh8 e5+ 42. Kc3 Kf7 43. b4 axb4+ 44. Kxb4 e6 45. Rd8 Ke7 46. Rb8 d5
47. cxd5 exd5 48. Rxb6 Rc4+ 49. Kb3 Rd4 50. exd5 Rxd5 51. Kc3 Rd1 52. Rb3 Kd6
53. Kc4 Kc6 54. a5 Rd4+ 55. Kc3 Ra4 56. Rb6+ Kc7 57. Rb5 e4 58. fxe4 Rxe4 59.
Rxg5 Ra4 60. Kd3 Kd6 61. Ke3 Ke6 62. Kf3 Kf6 63. Rd5 Ke6 64. Rb5 Kf6 65. Kg3
Kg6 66. Kh4 Ra1 67. Rb6+ Kg7 68. Ra6 1-0

[Event "Mechanics' Spring TNM; G/2"]
[Site "San Francisco"]
[Date "2016.04.12"]
[Round "5.5"]
[White "Fuentes, Romulo C"]
[Black "Ochoa, Jason"]
[Result "1-0"]
[WhiteElo "2208"]
[BlackElo "1893"]
[PlyCount "77"]
[EventDate "2016.??.??"]

1. e4 c5 2. Nf3 Nc6 3. d4 cxd4 4. Nxd4 g6 5. Nc3 Bg7 6. Be3 Nf6 7. Bc4 O-O 8.
Bb3 Ng4 9. Qxg4 Nxd4 10. Bxd4 Bxd4 11. Qg3 d6 12. h4 a5 13. h5 e6 14. hxg6 fxg6
15. O-O-O Be5 16. Qh3 Qe7 17. f3 Bd7 18. a4 Rac8 19. Ne2 Rc5 20. g4 Rf7 21. Kb1
Qf6 22. f4 Bxb2 23. e5 Rxe5 24. fxe5 Qxe5 25. Ka2 b5 26. Qd3 bxa4 27. Bc4 d5
28. Bb5 a3 29. Bxd7 Rxd7 30. Nd4 Rc7 31. Rhe1 Qxd4 32. Qxd4 Bxd4 33. Rxd4 Rxc2+
34. Kxa3 Rc6 35. Ka4 Kg7 36. g5 h6 37. Kxa5 hxg5 38. Kb5 Rd6 39. Kc5 {and ...}
1-0

[Event "Mechanics' Spring TNM; G/2"]
[Site "San Francisco"]
[Date "2016.04.19"]
[Round "6.4"]
[White "Fuentes, Romulo C"]
[Black "Wong, Russell"]
[Result "0-1"]
[WhiteElo "2208"]
[BlackElo "2200"]
[Annotator "Donaldson"]
[PlyCount "44"]
[EventDate "2016.??.??"]

1. d4 c5 2. Nf3 Nf6 3. Nc3 e6 4. e4 d5 5. Bg5 cxd4 6. Qxd4 Nc6 7. Bxf6 gxf6 8.
Bb5 Bd7 9. Bxc6 bxc6 10. exd5 cxd5 11. O-O Be7 12. Qg4 Kf8 13. Qh5 h6 14. Rad1
Rb8 15. Rb1 Rb4 16. Rfe1 Qb8 17. Nd1 Rf4 18. c3 e5 19. h3 $4 (19. Ne3) 19...
Bf5 $1 20. g3 (20. Rc1 Bg6) 20... Rxf3 21. Qxf3 Bxb1 22. Qxd5 Bf5 0-1

[Event "Mechanics' Alan Benson TNM; G/2"]
[Site "San Francisco"]
[Date "2016.09.27"]
[Round "9.32"]
[White "Furukawa, Jon"]
[Black "Boldi, Nicholas Ar"]
[Result "1/2-1/2"]
[WhiteElo "1611"]
[BlackElo "1160"]
[PlyCount "64"]
[EventDate "2016.??.??"]

1. e4 e6 2. d4 d5 3. exd5 exd5 4. Nf3 c5 5. c3 Bg4 6. h3 Bf5 7. Bb5+ Nc6 8. O-O
cxd4 9. cxd4 a6 10. Re1+ Be7 11. Bxc6+ bxc6 12. Bg5 Rc8 13. Nc3 Be6 14. Bf4 Nf6
15. Ne5 O-O 16. Qd3 Bd6 17. Qxa6 Ra8 18. Qxc6 Bxe5 19. Bxe5 Bd7 20. Bxf6 Bxc6
21. Bxd8 Rfxd8 22. a4 Rab8 23. Reb1 Rb4 24. a5 Rxd4 25. a6 Rb4 26. Ra5 d4 27.
Rc5 dxc3 28. Rxc6 cxb2 29. Kh2 h6 30. Rc7 Ra8 31. a7 Ra4 32. Rxb2 R4xa7 1/2-1/2

[Event "Mechanics' Alan Benson TNM; G/2"]
[Site "San Francisco"]
[Date "2016.09.06"]
[Round "6.28"]
[White "Furukawa, Jon"]
[Black "Hilliard, Michael"]
[Result "1-0"]
[WhiteElo "1611"]
[BlackElo "1400"]
[PlyCount "59"]
[EventDate "2016.??.??"]

1. e4 c6 2. d4 d5 3. e5 Bf5 4. Nf3 h5 5. Bd3 Bxd3 6. Qxd3 e6 7. O-O c5 8. dxc5
Bxc5 9. Qb5+ Nc6 $4 10. Qxc5 Nge7 11. Bg5 O-O 12. Nc3 Rc8 13. Bxe7 Qxe7 14.
Qxe7 Nxe7 15. Nd4 a6 16. Rac1 Rc4 17. Nce2 Rfc8 18. c3 Ng6 19. f4 Nf8 20. f5
Nd7 21. fxe6 fxe6 22. Nxe6 Nxe5 23. N2d4 Nd3 24. Rc2 Re8 25. Rd2 Ne5 26. Rf5
Ng4 27. Re2 Nf6 28. h3 Rcc8 29. Nf4 Re4 30. Nxd5 1-0

[Event "Mechanics' Alan Benson TNM; G/2"]
[Site "San Francisco"]
[Date "2016.08.23"]
[Round "4.36"]
[White "Furukawa, Jon"]
[Black "Marrus, Matthew E"]
[Result "1-0"]
[WhiteElo "1611"]
[BlackElo "1335"]
[Annotator "Donaldson"]
[PlyCount "37"]
[EventDate "2016.??.??"]

1. e4 e5 2. Nf3 Nc6 3. Nc3 Bc5 4. Bc4 (4. Nxe5) 4... h6 5. d3 Nf6 6. O-O d6 7.
h3 Na5 8. Bb5+ c6 9. Ba4 b5 10. Bb3 Nxb3 11. axb3 O-O 12. d4 exd4 13. Nxd4 Bb7
14. Nf5 b4 15. Na4 Nxe4 16. Nxc5 Nxc5 17. Qg4 Qf6 18. Bxh6 Qg6 19. Ne7+ 1-0

[Event "Mechanics' Alan Benson TNM; G/2"]
[Site "San Francisco"]
[Date "2016.08.09"]
[Round "2.35"]
[White "Furukawa, Jon"]
[Black "Valente, Marty J"]
[Result "1-0"]
[WhiteElo "1611"]
[BlackElo "1168"]
[PlyCount "95"]
[EventDate "2016.??.??"]

1. e4 c5 2. c3 d6 3. d4 cxd4 4. cxd4 Nf6 5. Nc3 e6 6. Nf3 Be7 7. Bb5+ Bd7 8.
O-O O-O 9. Re1 a6 10. Bd3 Bc6 11. Bf4 d5 12. e5 Ne8 13. Qc2 g6 14. Bh6 Ng7 15.
Nd1 Re8 16. a3 Nd7 17. Ne3 f5 18. exf6 Bxf6 19. Ng4 Nf5 20. Nxf6+ Qxf6 21. Bg5
Qg7 22. Bxf5 exf5 23. Bf4 Re7 24. Rxe7 Qxe7 25. Re1 Qf7 26. Ng5 Qf8 27. Qe2 Nf6
28. Qe6+ Kg7 29. Qe7+ Kg8 30. Qe6+ Kg7 31. Qe7+ Kg8 32. Qxf8+ Kxf8 33. f3 Re8
34. Be5 h6 35. Nh3 Kf7 36. Kf2 Rc8 37. Bd6 Bb5 38. Re7+ Kg8 39. Rxb7 Rc2+ 40.
Kg3 Bf1 41. Nf2 Nh5+ 42. Kh4 Rxf2 43. g4 Rxh2+ $4 44. Bxh2 Ng7 45. Be5 g5+ 46.
Kg3 Ne6 47. gxf5 Nf4 48. Bxf4 1-0

[Event "Mechanics' Alan Benson TNM; G/2"]
[Site "San Francisco"]
[Date "2016.09.20"]
[Round "8.7"]
[White "Gaffagan, Steven"]
[Black "Anderson, Michael"]
[Result "1-0"]
[WhiteElo "2096"]
[BlackElo "1958"]
[PlyCount "63"]
[EventDate "2016.??.??"]

1. d4 f5 2. g3 Nf6 3. Bg2 g6 4. c3 Bg7 5. Nd2 d5 6. Nh3 O-O 7. Nf3 Kh8 8. Nf4
c6 9. a4 Na6 10. h4 Ne4 11. Ng5 Nc7 12. Be3 Qd6 13. Nd3 Ne6 14. Nxe6 Bxe6 15.
Bf4 Qd8 16. a5 Rc8 17. f3 Nd6 18. h5 gxh5 19. Rxh5 Bf7 20. Rh3 b6 21. Kf2 c5
22. Qh1 Bg6 23. Qh2 Qe8 24. Rh1 h5 25. Be5 Nc4 26. Nf4 Nxe5 27. dxe5 Bxe5 28.
Nxh5 Kg8 29. f4 Bh8 30. Bxd5+ e6 31. Bf3 bxa5 32. Rg1 {Black's flag fell.} 1-0

[Event "Mechanics' Fall TNM; G/2"]
[Site "San Francisco"]
[Date "2016.12.13"]
[Round "9.4"]
[White "Gaffagan, Steven"]
[Black "Askin, Michael Chr"]
[Result "0-1"]
[WhiteElo "2096"]
[BlackElo "2039"]
[Annotator "Donaldson"]
[PlyCount "95"]
[EventDate "2016.??.??"]

1. e4 c6 2. d4 d5 3. e5 Bf5 4. h4 h5 5. Bd3 Bxd3 6. Qxd3 e6 7. Nf3 Ne7 8. Bg5
Qb6 9. Nbd2 c5 10. dxc5 Qxc5 11. O-O Nbc6 12. a3 Ng6 13. Rfe1 Qb6 14. c4 d4 15.
c5 Qxc5 16. Rac1 Qd5 17. Nc4 b5 18. Ncd2 Ncxe5 19. Qxd4 Qxd4 20. Nxd4 Nd3 21.
Nxe6 Nxc1 22. Nc7+ Kd7 23. Nxa8 Nd3 24. Re3 Nxf2 (24... Nc5) (24... Nde5) 25.
b4 (25. Rc3) 25... f6 26. Bxf6 $2 (26. Kxf2 fxg5 (26... Bd6) 27. Rd3+) 26...
gxf6 27. Kxf2 Ne5 28. Kf1 Bh6 29. Re2 Rxa8 30. Ne4 Ke7 31. Nc5 Rd8 32. Rc2 Rd2
33. Rc3 Nc4 34. g3 Ra2 35. Rd3 Rd2 36. Rc3 Be3 37. Ne4 Ra2 38. a4 Rxa4 39. Rd3
Rxb4 40. Rd5 Rb2 41. Rxh5 Ne5 42. Nc3 Ke6 43. Rh7 b4 44. Nd1 Rb1 45. Ke2 Bb6
46. h5 b3 47. Nc3 Rc1 48. Na4 0-1

[Event "Mechanics' Winter TNM; G/2"]
[Site "San Francisco"]
[Date "2016.02.16"]
[Round "7.9"]
[White "Gaffagan, Steven"]
[Black "Babayan, Gagik"]
[Result "1-0"]
[WhiteElo "2040"]
[BlackElo "1833"]
[PlyCount "65"]
[EventDate "2016.??.??"]

1. e4 c5 2. Nf3 d6 3. Bb5+ Bd7 4. Bxd7+ Qxd7 5. c4 e5 6. d3 h6 7. Nc3 Nf6 8.
Nd2 Nc6 9. Nf1 g5 10. Ne3 Nd4 11. Ned5 Be7 12. Nxf6+ Bxf6 13. Nd5 Bd8 14. O-O
a6 15. Be3 Ne6 16. a3 Nf4 17. Bxf4 gxf4 18. b4 cxb4 19. axb4 b6 20. d4 f6 21.
c5 dxc5 22. dxe5 h5 23. bxc5 bxc5 24. exf6 Qd6 25. e5 Qe6 26. Nxf4 Qf5 27. Qd5
Rc8 28. Rxa6 Qxf4 29. Qe6+ Kf8 30. Ra7 Rc7 31. Rxc7 Bxc7 32. Qe7+ Kg8 33. Qg7#
1-0

[Event "Mechanics' Summer TNM; G/2"]
[Site "San Francisco"]
[Date "2016.06.21"]
[Round "5.13"]
[White "Gaffagan, Steven"]
[Black "Campers Jr, Willie"]
[Result "1-0"]
[WhiteElo "2073"]
[BlackElo "1774"]
[PlyCount "63"]
[EventDate "2016.??.??"]

1. Nf3 c5 2. e4 d6 3. c3 Nc6 4. d4 cxd4 5. cxd4 Nf6 6. Nc3 a6 7. h3 g6 8. Be3
Bg7 9. Rc1 h6 10. Qd2 Kf8 11. Bd3 Bd7 12. O-O b5 13. Rfd1 Qa5 14. b3 Kg8 15.
Qe2 Nb4 16. Bb1 Nc6 17. e5 Ne8 18. Nd5 b4 19. Be4 Bf5 20. Nxe7+ Nxe7 21. Bxa8
d5 22. Rc5 Qb6 23. Bxd5 Nxd5 24. Rxd5 Be4 25. Rc5 Nc7 26. d5 Qb7 27. Qc4 Bxd5
28. Rxc7 Bxc4 29. Rxb7 Be6 30. Rd8+ Kh7 31. Rxh8+ Kxh8 32. Rxb4 1-0

[Event "Mechanics' Winter TNM; G/2"]
[Site "San Francisco"]
[Date "2016.02.02"]
[Round "5.9"]
[White "Gaffagan, Steven"]
[Black "Dougal, Michael"]
[Result "1-0"]
[WhiteElo "2040"]
[BlackElo "1801"]
[PlyCount "81"]
[EventDate "2016.??.??"]

1. e4 d6 2. f4 Nf6 3. Nc3 g6 4. Nf3 Bg7 5. Bc4 O-O 6. d3 c5 7. O-O Nc6 8. a3 e6
9. Bb3 Rb8 10. Qe1 Nd7 11. Bd2 b5 12. Qg3 a5 13. Kh1 b4 14. axb4 axb4 15. Nd1
Na5 16. Ba4 f5 17. Qe1 Nb6 18. Bb5 Na8 19. Ba4 Nb6 20. Ng5 Nxa4 21. Rxa4 Re8
22. Ne3 Bd7 23. Ra2 Nc6 24. Qg3 Ra8 25. Rxa8 Qxa8 26. Nc4 d5 27. Nd6 Re7 28. e5
Nd8 29. Nxh7 Kxh7 30. Qh4+ Kg8 31. Qxe7 Bf8 32. Qxd7 Bxd6 33. exd6 d4 34. Qe8+
Kh7 35. Be1 c4 36. dxc4 b3 37. cxb3 d3 38. Bc3 e5 39. Bxe5 g5 40. Qe7+ Kh6 41.
Qg7+ 1-0

[Event "Mechanics' Spring TNM; G/2"]
[Site "San Francisco"]
[Date "2016.03.29"]
[Round "3.14"]
[White "Gaffagan, Steven"]
[Black "Drane, Robert"]
[Result "1-0"]
[WhiteElo "2066"]
[BlackElo "2012"]
[Annotator "Gaffagan"]
[PlyCount "49"]
[EventDate "2016.??.??"]

1. c4 f5 2. g3 e5 3. Bg2 (3. d4) 3... Nf6 4. Nc3 Be7 5. d4 d6 6. Nf3 Nc6 7. O-O
O-O 8. dxe5 dxe5 9. Nd5 Bd6 (9... e4 10. Nxe7+ Qxe7 11. Nd4 Ne5 $11) 10. Bg5
Ne7 $6 11. Bxf6 (11. Nxf6+ gxf6 12. Bh6 Re8 13. Qc2 Ng6 14. c5 Bf8 15. Rfd1 Qe7
16. Bxf8 $16) 11... gxf6 {Diagram [#]} 12. c5 $1 (12. Nh4 Kh8 13. Qc2 Nxd5 14.
cxd5 f4 15. Be4 $14) 12... Bxc5 $6 (12... c6 13. Nxf6+ Rxf6 14. cxd6 Rxd6 15.
Qb3+ Be6 16. Qxb7 e4 17. Ne5 Rb8 18. Qxa7 Rb5 19. f4 c5 {
White is two pawns up, but must contend with very active Black pieces.}) (12...
Be6 13. Nxf6+ Rxf6 14. cxd6 cxd6 15. Ng5 e4 16. Qd4 $14) 13. Nxf6+ Kg7 $4 (
13... Kh8 $16 14. Qxd8 Rxd8 15. Nxe5 $16) (13... Kf7 14. Nxh7 $18) 14. Nh5+ Kg6
$2 15. Nxe5+ $1 Kxh5 16. Bf3+ Kh6 17. Nf7+ Rxf7 18. Qxd8 Bd6 19. Rfd1 Kg7 20.
Rxd6 cxd6 21. Qxd6 f4 22. Qe5+ Kf8 23. Bh5 Ng6 24. Bxg6 hxg6 25. Rd1 1-0

[Event "Mechanics' Fall TNM; G/2"]
[Site "San Francisco"]
[Date "2016.10.25"]
[Round "2.7"]
[White "Gaffagan, Steven"]
[Black "Hakobyan, Sos"]
[Result "1-0"]
[WhiteElo "2096"]
[BlackElo "1879"]
[PlyCount "95"]
[EventDate "2016.??.??"]

1. d4 d6 2. e4 Nf6 3. Nc3 e5 4. dxe5 dxe5 5. Qxd8+ Kxd8 6. Bg5 Bb4 7. O-O-O+
Bd7 8. Nd5 Be7 9. Nxe7 Kxe7 10. f3 Nc6 11. Bb5 Rad8 12. Ne2 a6 13. Ba4 b5 14.
Bb3 Be6 15. Be3 Nd7 16. h4 h6 17. h5 Na5 18. Bxe6 Kxe6 19. b3 Nc6 20. a3 Nf6
21. g4 Rd7 22. Rxd7 Nxd7 23. Bf2 Ne7 24. Rd1 Nb8 25. Nc3 Rc8 26. Bh4 f6 27. Bf2
c5 28. Nd5 Nxd5 29. Rxd5 Nd7 30. Kb2 Rc6 31. Be3 Rd6 32. c4 bxc4 33. bxc4 Rxd5
34. cxd5+ Kd6 35. Kb3 f5 36. gxf5 Nf6 37. Kc4 Nd7 38. Bg1 Nb6+ 39. Kd3 Na4 40.
Be3 Nb2+ 41. Ke2 a5 {Diagram [#]} 42. f6 $1 gxf6 43. Bxh6 Ke7 44. Be3 c4 45. h6
Kf7 46. d6 c3 47. h7 Kg7 48. d7 1-0

[Event "Mechanics' Summer TNM; G/2"]
[Site "San Francisco"]
[Date "2016.07.05"]
[Round "7.6"]
[White "Gaffagan, Steven"]
[Black "Hua, Arnold"]
[Result "1-0"]
[WhiteElo "2073"]
[BlackElo "1954"]
[PlyCount "43"]
[EventDate "2016.??.??"]

1. e4 d5 2. exd5 Nf6 3. d4 Nxd5 4. Nf3 e6 5. c4 Nf6 6. Nc3 Be7 7. g3 b6 8. Bg2
Bb7 9. O-O O-O 10. Ne5 Bxg2 11. Kxg2 Re8 12. Qf3 c6 13. Rd1 Qc8 14. h4 a6 15.
h5 h6 16. g4 Bd6 17. Bxh6 Ra7 18. Bf4 Bf8 19. g5 Nh7 20. g6 fxg6 21. hxg6 Nf6
22. Rh1 1-0

[Event "Mechanics' Winter TNM; G/2"]
[Site "San Francisco"]
[Date "2016.01.12"]
[Round "2.10"]
[White "Gaffagan, Steven"]
[Black "Kondakov, Adrian"]
[Result "1-0"]
[WhiteElo "2040"]
[BlackElo "1786"]
[PlyCount "93"]
[EventDate "2016.??.??"]

1. d4 Nf6 2. c4 g6 3. Nc3 Bg7 4. e4 d6 5. Be2 O-O 6. Bg5 Nbd7 7. Qd2 c5 8. d5
Ne5 9. Nf3 Nfg4 10. Nxe5 Nxe5 11. O-O a6 12. a4 Qc7 13. f4 Ng4 14. Bxg4 Bxg4
15. f5 Bd4+ 16. Kh1 gxf5 17. exf5 f6 18. Bh6 Rfe8 19. Qf4 Bxf5 20. Qxf5 Kh8 21.
Ne2 Be5 22. Nf4 Bxf4 23. Rxf4 Rg8 24. Rh4 Qc8 25. Qh5 Qe8 26. Qxe8 Raxe8 27.
Re1 Rg6 28. Bf4 Rgg8 29. a5 Kg7 30. Bh6+ Kf7 31. Bd2 Rh8 32. Rhe4 Rhg8 33. Kg1
h5 34. Kf2 Rg4 35. h3 Rxe4 36. Rxe4 Rh8 37. Re3 Rb8 38. Rb3 Kg6 39. Kf3 Kf7 40.
Rb6 Kg6 41. Kf4 Kf7 42. Kf5 Rg8 43. g4 hxg4 44. hxg4 Rb8 45. Bf4 Kf8 {Diagram #
} 46. Rxd6 $1 Rc8 47. Rb6 1-0

[Event "Mechanics' Alan Benson TNM; G/2"]
[Site "San Francisco"]
[Date "2016.09.06"]
[Round "6.13"]
[White "Gaffagan, Steven"]
[Black "Newey, Richard"]
[Result "1-0"]
[WhiteElo "2096"]
[BlackElo "1773"]
[PlyCount "73"]
[EventDate "2016.??.??"]

1. Nf3 Nf6 2. c4 c5 3. g3 Nc6 4. Bg2 g6 5. O-O Bg7 6. d4 cxd4 7. Nxd4 Qb6 8.
Nb3 O-O 9. Nc3 d6 10. Be3 Qd8 11. Rc1 Ng4 12. Bf4 e5 13. Bd2 Be6 14. Nd5 Nf6
15. Bg5 Bxd5 16. Bxd5 Qb6 17. Bg2 Ne7 18. Be3 Qc7 19. h3 Nf5 20. Bd2 Rac8 21.
e3 Rfd8 22. Na5 b6 23. Nc6 Rd7 24. b4 Ne7 25. Nxe7+ Rxe7 26. h4 Nd7 27. Qb3 Kh8
28. Rfd1 a5 29. a3 axb4 30. axb4 f5 31. Bf1 e4 32. Be2 Qb8 33. Bc3 Be5 34. Rd5
Bxc3 35. Qxc3+ Kg8 36. Rcd1 Re6 37. Qd4 1-0

[Event "Mechanics' Summer TNM; G/2"]
[Site "San Francisco"]
[Date "2016.06.07"]
[Round "3.11"]
[White "Gaffagan, Steven"]
[Black "Newey, Richard H"]
[Result "1-0"]
[WhiteElo "2073"]
[BlackElo "1811"]
[Annotator "Donaldson"]
[PlyCount "67"]
[EventDate "2016.??.??"]

1. Nf3 Nc6 2. d4 d5 3. c4 e6 4. Nc3 Nf6 5. Bg5 Be7 6. e3 O-O 7. Rc1 Nb8 8. Bd3
c6 9. O-O Nbd7 10. Qe2 Nh5 11. Bxe7 Qxe7 12. Ne5 g6 13. f4 Nxe5 14. fxe5 dxc4
15. Be4 Bd7 16. Bf3 Ng7 17. Ne4 Ne8 18. Qxc4 Rc8 19. Qc5 Qxc5 20. Nxc5 Rc7 21.
Bg4 Ng7 22. Ne4 Ne8 23. Bh3 f5 24. exf6 Bc8 25. Rf2 b6 26. b4 Rcf7 27. a4 Nxf6
28. Nd6 Ng4 (28... Re7 29. Nxc8) 29. Rxf7 Rd8 30. Bxg4 Rxd6 31. Rc7 Bd7 32.
Rxd7 h5 33. Rxd6 hxg4 34. Rd7 1-0

[Event "Mechanics' Fall TNM; G/2"]
[Site "San Francisco"]
[Date "2016.11.29"]
[Round "7.7"]
[White "Gaffagan, Steven"]
[Black "Riese, Kayven"]
[Result "1/2-1/2"]
[WhiteElo "2096"]
[BlackElo "1935"]
[Annotator "Donaldson"]
[PlyCount "80"]
[EventDate "2016.??.??"]

1. e4 e6 2. d4 d5 3. Nc3 Nf6 4. Bg5 Bb4 5. e5 h6 6. Bd2 Bxc3 7. bxc3 Ne4 8. Qg4
Nxd2 9. Qxg7 Rf8 10. Kxd2 c5 11. Bd3 Nc6 12. Ne2 Qa5 13. Ke3 b6 14. Qxh6 Ba6
15. Qf6 Rc8 16. a3 Qa4 17. Rhc1 Bxd3 18. cxd3 Na5 19. dxc5 bxc5 20. Qf4 Qxf4+
21. Nxf4 Nb3 22. Rcb1 Nxa1 23. Rxa1 Rb8 24. h4 Ke7 25. Nh5 Rb3 26. Nf6 Rfb8 27.
Rh1 Rxc3 28. h5 c4 29. h6 Rxd3+ 30. Kf4 Rh8 31. h7 a5 32. Rh5 Rb3 33. Rg5 Rbb8
34. Ke3 (34. Rg8 Rd8) 34... Rbf8 35. Kd4 Kd8 36. a4 (36. Rg7) 36... Kc7 37. Rh5
Rb8 38. Rg5 Kc6 (38... Rb3 $1) 39. Rg7 {Diagram [#]} Rbf8 $2 (39... Rb3 $1 40.
Rg3 Rxg3 41. fxg3 Kc7 {
followed by eventually ...Kg7 and then the rook is free and Black wins.}) 40.
f4 {now 41.f5 and 41.g4 are winning but White had only 36 seconds left.} Kc7
1/2-1/2

[Event "Mechanics' Spring TNM; G/2"]
[Site "San Francisco"]
[Date "2016.04.12"]
[Round "5.2"]
[White "Gaffagan, Steven"]
[Black "Shaw, Tenzing Will"]
[Result "1-0"]
[WhiteElo "2066"]
[BlackElo "2292"]
[Annotator "Gaffagan"]
[PlyCount "65"]
[EventDate "2016.??.??"]

1. e4 e6 2. d4 d5 3. Nd2 Be7 4. Ngf3 Nf6 5. e5 Nfd7 6. Bd3 c5 7. c3 Nc6 8. O-O
g5 9. dxc5 g4 10. Nd4 Ndxe5 11. Bb5 Bd7 12. N2b3 h5 13. Be2 $5 $146 a6 14. f4 (
14. f3 Qc7 (14... f5 15. Bf4 Nf7 {looks like fun.}) 15. fxg4 Nxg4 16. Bxg4 hxg4
17. Bf4 e5 18. Bg3 $11) 14... Nc4 15. f5 Qc7 16. fxe6 (16. f6 Bf8 17. Qe1 (17.
Bg5 Nxb2) 17... O-O-O $15) 16... fxe6 17. Qe1 $5 (17. Nxc6 Qxc6 (17... Bxc6 18.
Nd4 Bxc5 19. Kh1 Bxd4 20. cxd4 $14) 18. Bxc4 Bxc5+ 19. Kh1 dxc4 20. Na5 Qe4 21.
Re1 Qd3 $11) 17... e5 $8 (17... O-O-O 18. Bxc4 dxc4 19. Nxe6 Bxe6 20. Qxe6+ Qd7
21. Qxc4 $16) 18. Nf5 Bxf5 19. Rxf5 O-O-O $2 {Diagram [#]} (19... Qd7 $17 {
followed by long castling beats White to the coordination of all the pieces.})
20. Rxh5 $1 Rhg8 21. Qg3 Kb8 (21... Qd7 22. Kh1 Kb8 23. Nd2 $14) 22. Bxg4 N6a5
23. h3 Nxb3 24. axb3 Bxc5+ 25. Kh1 Nd6 (25... Na5 26. Bg5 $18) 26. Qxe5 $18 {
The only move that secures an advantage. The h2-b8 diagonal is fraught with
danger for either player.} (26. Be3 Ne4 27. Qe1 Rdf8 28. Bxc5 Rf1+ 29. Qxf1
Ng3+ 30. Kg1 Nxf1 31. Bf2 Nd2 $11) 26... Rde8 27. Qg3 {
The only human move that guards against a back rank disaster.} ({I did not pond
er the second best move, a long and complicated line found by the computer.} 
27. Be6 Rxe6 28. Qxe6 Re8 29. Rh8 Rxh8 30. Bf4 Rf8 31. Bg3 Rd8 32. b4 Bb6 33.
c4 Qxc4 (33... dxc4 34. Rd1 c3 35. bxc3 Qxc3 36. Be5 $1) 34. Bxd6+ {
and White regains his piece.}) 27... Ka8 28. Bf4 Qe7 {
Black's knight is heading to f2 with tempo. White needs to find a good defence.
} 29. Qd3 $3 Ne4 (29... Rxg4 30. hxg4 Ne4 31. Qxd5 Nf2+ 32. Kh2 Nxg4+ 33. Kg3
Qe2 34. Rh7 $1 $18 (34. Qxc5 $2 Nf6 $1)) 30. Qxd5 {
The Black king is threatened.} Nf2+ 31. Kh2 Nxg4+ 32. hxg4 Ka7 (32... Qf6 33.
Be5 Qb6 34. b4 Be3 35. b5 $18) (32... Bb6 33. Rxa6+ Ba7 34. Rxa7+ Kxa7 35. Qa5#
) 33. Qxc5+ 1-0

[Event "Mechanics' Summer TNM; G/2"]
[Site "San Francisco"]
[Date "2016.05.24"]
[Round "1.11"]
[White "Gaffagan, Steven"]
[Black "Starr, Albert Mart"]
[Result "1-0"]
[WhiteElo "2073"]
[BlackElo "1517"]
[PlyCount "67"]
[EventDate "2016.??.??"]

1. e4 e5 2. Nf3 Nf6 3. Nxe5 d6 4. Nf3 Nxe4 5. Nc3 Nxc3 6. dxc3 Be7 7. Be3 O-O
8. Qd2 c5 9. c4 Bf6 10. c3 Nc6 11. Be2 b6 12. O-O Ne5 13. Rad1 Be7 14. Rfe1 Bb7
15. Nxe5 dxe5 16. Qc2 Qc7 17. Bd3 g6 18. Be4 Rfe8 19. Bxb7 Qxb7 20. Rd5 f6 21.
Qe4 Qc7 22. f4 Rad8 23. fxe5 f5 24. Qf4 Bf8 25. Bf2 Re6 26. Bg3 Bg7 27. Qd2
Rde8 28. Rd7 Qb8 29. Qd5 Kf8 30. b4 cxb4 31. cxb4 g5 32. c5 f4 33. Bf2 Rxe5 34.
Qf7# 1-0

[Event "Mechanics' Spring TNM; G/2"]
[Site "San Francisco"]
[Date "2016.04.26"]
[Round "7.6"]
[White "Gaffagan, Steven"]
[Black "Traub, Igor Vladim"]
[Result "1-0"]
[WhiteElo "2066"]
[BlackElo "2136"]
[PlyCount "123"]
[EventDate "2016.??.??"]

1. Nf3 d5 2. c4 Nf6 3. cxd5 Nxd5 4. e4 Nb6 5. d4 Bg4 6. Nc3 e6 7. Be3 Be7 8. h3
Bh5 9. Qb3 N8d7 10. Be2 a5 11. a3 a4 12. Qc2 c6 13. Rd1 Bg6 14. Ne5 Nd5 15.
Nxd5 exd5 16. Nxg6 hxg6 17. e5 Nf8 18. O-O f5 19. exf6 gxf6 20. Rd3 Bd6 21. b4
axb3 22. Rxb3 Qe7 23. Bc1 Kf7 24. Re3 Qc7 25. Bg4 Bh2+ 26. Kh1 Bf4 27. Re2 Bd6
28. Rfe1 Qb6 29. Qd3 Qa6 30. Qf3 Qc4 31. Bb2 Rd8 32. Be6+ Kg7 33. Bg4 Kf7 34.
Be6+ Kg7 35. Bg4 Kf7 36. Rc1 Qa6 37. Rce1 Qc4 38. Rc1 Qa6 39. Rce1 Qc4 40. Kg1
Rh7 41. Re3 Qc2 42. R3e2 Qc4 43. Re3 Qa6 44. R3e2 Qc4 45. Rc1 Qa6 46. Rce1 Qc4
47. Rc1 Qa6 48. Rcc2 Qa8 49. Bc1 Re8 50. Bg5 Qd8 51. Rxe8 Kxe8 52. Bxf6 Qc7 53.
Re2+ Be7 54. Be5 Qd8 55. g3 Rf7 56. Qd3 Qb6 57. Bd6 Qd8 58. Bf4 Qa5 59. Qb3 Qa6
60. a4 Qc4 61. Qxb7 Qd3 62. Qc8# 1-0